000 00337nam a2200145Ia 4500
003 OSt
008 191201s2009 xx 000 0 und d
082 _a658.4022
_bCHT
100 _aCHHABRA, T.N.
245 0 _aTeam Building and Leadership
260 _aNew Delhi
_bSun India
_c2009
300 _a326+16
650 _aBBA
942 _2ddc
_cBK
999 _c6598
_d6598